Name a landmarks by country - Statistics

General Stats
  • This quiz has been taken 22 times
  • The average score is 4 of 15
Answer Stats
Flags Landmarks % Correct
China Great Wall of china
60%
Usa Statue of Liberty
60%
Uk Big ben
50%
Australia Sydney opera house
50%
India Taj mahal
50%
Jordan Petra
30%
Mexico Chichen itza
25%
Russia St Basil's cathedral
20%
Spain Sagrada familia
15%
Austria Schönbrünn palace
10%
Ireland Dublin castle
5%
Iceland Hallgrimskírkja
5%
Japan Itsukushima shrine
5%
Mozambique Maputo railway station
5%
Argentina National Congress
5%
No matching quizzes found
Score Distribution
Percent of People with Each Score
Percentile by Number Answered
Your Score History
You have not taken this quiz